[Event "Reykjavik op"]
[Site "Reykjavik"]
[Date "2011.03.13"]
[Round "6.55"]
[White "Ingvason, Johann"]
[Black "Benediktsson, Frimann"]
[Result "1-0"]
[WhiteElo "2135"]
[BlackElo "1917"]
[PlyCount "95"]
[EventDate "2011.03.09"]
[EventType "swiss"]
[EventRounds "9"]
[EventCountry "ISL"]
[SourceTitle "CBM 141 Extra"]
[Source "ChessBase"]
[SourceDate "2011.05.03"]
[SourceVersion "1"]
[SourceVersionDate "2011.05.03"]
[SourceQuality "1"]

1. e4 c5 2. Nf3 Nc6 3. d4 cxd4 4. Nxd4 g6 5. Nc3 Bg7 6. Be3 Nf6 7. f3 0-0 8. Qd2 d5 9. Nxc6 bxc6 10. Rd1 Qc7 11. Be2 dxe4 12. fxe4 Be6 13. 0-0 Ng4 14. Bxg4 Bxg4 15. Rb1 Be6 16. Qf2 Be5 17. Bf4 Bxf4 18. Qxf4 Qb6+ 19. Kh1 Qc5 20. Rf2 Rab8 21. h3 Rfd8 22. Rd2 Rxd2 23. Qxd2 Qd6 24. Qe3 c5 25. b3 Qe5 26. Rd1 Rc8 27. Qf3 Kg7 28. Ne2 Rc7 29. c4 f6 30. Nc3 Rd7 31. Nd5 Bg8 32. Rf1 e6 33. Qxf6+ Qxf6 34. Nxf6 Rd4 35. e5 Bf7 36. Nxh7 Rd2 37. Ng5 Bg8 38. Ne4 Rxa2 39. Nxc5 Re2 40. Ra1 Rxe5 41. Rxa7+ Kh6 42. Nd7 Re1+ 43. Kh2 e5 44. Nf6 Be6 45. h4 g5 46. h5 Bf5 47. g4 Bd3 48. Ng8# 1-0

[Event "Reykjavik op"]
[Site "Reykjavik"]
[Date "2011.03.12"]
[Round "5.73"]
[White "Leosson, Atli Johann"]
[Black "Benediktsson, Frimann"]
[Result "0-1"]
[WhiteElo "1685"]
[BlackElo "1917"]
[PlyCount "50"]
[EventDate "2011.03.09"]
[EventType "swiss"]
[EventRounds "9"]
[EventCountry "ISL"]
[SourceTitle "CBM 141 Extra"]
[Source "ChessBase"]
[SourceDate "2011.05.03"]
[SourceVersion "1"]
[SourceVersionDate "2011.05.03"]
[SourceQuality "1"]

1. e4 c5 2. Nf3 Nc6 3. d4 cxd4 4. Nxd4 g6 5. Bc4 Bg7 6. Nxc6 bxc6 7. 0-0 d6 8. Qf3 e6 9. Nc3 Ne7 10. Bf4 0-0 11. Rfd1 d5 12. exd5 cxd5 13. Bb3 Bb7 14. Na4 Bc6 15. Rab1 Qa5 16. Bd2 Qc7 17. Qh3 h5 18. Nc5 Nf5 19. Bb4 Rfe8 20. Nd3 a5 21. c4 dxc4 22. Bxc4 axb4 23. Nxb4 Bxg2 24. Qb3 Bb7 25. Rbc1 Qf4 0-1

[Event "Reykjavik op"]
[Site "Reykjavik"]
[Date "2011.03.11"]
[Round "3.59"]
[White "Rothe, Guido"]
[Black "Benediktsson, Frimann"]
[Result "1-0"]
[WhiteElo "2171"]
[BlackElo "1917"]
[PlyCount "61"]
[EventDate "2011.03.09"]
[EventType "swiss"]
[EventRounds "9"]
[EventCountry "ISL"]
[SourceTitle "CBM 141 Extra"]
[Source "ChessBase"]
[SourceDate "2011.05.03"]
[SourceVersion "1"]
[SourceVersionDate "2011.05.03"]
[SourceQuality "1"]

1. e4 c5 2. Nf3 Nc6 3. d4 cxd4 4. Nxd4 g6 5. c4 Bg7 6. Be3 Nf6 7. Nc3 0-0 8. Be2 d6 9. 0-0 Bd7 10. Rc1 Nxd4 11. Bxd4 Bc6 12. f3 Nd7 13. Bxg7 Kxg7 14. Qd2 b6 15. f4 Nf6 16. Qe3 e5 17. Rcd1 Qe7 18. f5 Ne8 19. Rf3 f6 20. Rh3 g5 21. Bh5 Rd8 22. Rg3 h6 23. h4 Rd7 24. Kf2 Rh8 25. Rh1 Rd8 26. Rgh3 Nc7 27. hxg5 fxg5 28. Ne2 Qf6 29. Ng3 Kf8 30. Bg6 Qg7 31. Rxh6 1-0

[Event "Reykjavik op"]
[Site "Reykjavik"]
[Date "2010.03.02"]
[Round "8"]
[White "De Andres Gonalons, Fernando"]
[Black "Benediktsson, Frimann"]
[Result "1-0"]
[WhiteElo "2071"]
[BlackElo "1930"]
[PlyCount "63"]
[EventDate "2010.02.24"]
[EventType "swiss"]
[EventRounds "9"]
[EventCountry "ISL"]
[SourceTitle "CBM 135 Extra"]
[Source "ChessBase"]
[SourceDate "2010.05.04"]
[SourceVersion "1"]
[SourceVersionDate "2010.05.04"]
[SourceQuality "1"]

1. d4 Nf6 2. c4 g6 3. g3 Bg7 4. Bg2 0-0 5. Nf3 d6 6. 0-0 Nc6 7. Nc3 a6 8. Bg5 h6 9. d5 Na5 10. Bxf6 Bxf6 11. Qd3 c5 12. Rab1 b5 13. b3 bxc4 14. bxc4 Bd7 15. Ne4 Bg7 16. Ned2 Qc7 17. Rfe1 Rab8 18. Qa3 e6 19. Bh3 f5 20. Nh4 g5 21. dxe6 Rxb1 22. Rxb1 Bxe6 23. Ng6 Rf7 24. e4 g4 25. Bg2 Nxc4 26. Nxc4 Bxc4 27. exf5 d5 28. Qe3 d4 29. Qe8+ Kh7 30. Rb8 Rf6 31. Rb7 Qa5 32. Qh8# 1-0

[Event "Reykjavik op"]
[Site "Reykjavik"]
[Date "2010.02.25"]
[Round "2"]
[White "Benediktsson, Frimann"]
[Black "Thorgeirsson, Sverrir"]
[Result "1/2-1/2"]
[WhiteElo "1930"]
[BlackElo "2176"]
[PlyCount "101"]
[EventDate "2010.02.24"]
[EventType "swiss"]
[EventRounds "9"]
[EventCountry "ISL"]
[SourceTitle "CBM 135 Extra"]
[Source "ChessBase"]
[SourceDate "2010.05.04"]
[SourceVersion "1"]
[SourceVersionDate "2010.05.04"]
[SourceQuality "1"]

1. Nf3 Nf6 2. d4 d5 3. c4 c6 4. cxd5 cxd5 5. Nc3 Nc6 6. Bf4 Ne4 7. e3 Nxc3 8. bxc3 g6 9. Bd3 Bg7 10. 0-0 0-0 11. Qe2 Bg4 12. h3 Bxf3 13. Qxf3 e5 14. dxe5 Nxe5 15. Bxe5 Bxe5 16. Rac1 Qa5 17. c4 dxc4 18. Bxc4 Rab8 19. Qd5 Qxd5 20. Bxd5 Rfd8 21. Rfd1 Kf8 22. Kf1 Ke7 23. Ke2 b6 24. Bb3 Bd6 25. Bd5 Rdc8 26. Rxc8 Rxc8 27. Bb3 b5 28. Rd2 f6 29. Rc2 Rb8 30. a4 bxa4 31. Bxa4 Rb4 32. Ra2 Bc5 33. Bc2 Kd6 34. Ra6+ Bb6 35. Ra1 Kc5 36. Ra3 a5 37. Kd2 Bc7 38. Rc3+ Rc4 39. Ra3 Rb4 40. f4 Bb6 41. Rc3+ Kd6 42. Rb3 Rxb3 43. Bxb3 g5 44. fxg5 fxg5 45. e4 Ke5 46. Bd5 h5 47. Bc6 Kf4 48. Ke2 h4 49. Kd3 Bc7 50. Kc4 Kg3 51. e5 1/2-1/2

[Event "Reykjavik op"]
[Site "Reykjavik"]
[Date "2009.03.30"]
[Round "7"]
[White "Gudmundsson, Stefan Freyr"]
[Black "Benediktsson, Frimann"]
[Result "1/2-1/2"]
[WhiteElo "2092"]
[BlackElo "1939"]
[PlyCount "82"]
[EventDate "2009.03.24"]
[EventType "swiss"]
[EventRounds "9"]
[EventCountry "ISL"]
[SourceTitle "CBM 129 Extra"]
[Source "ChessBase"]
[SourceDate "2009.05.05"]
[SourceVersion "2"]
[SourceVersionDate "2009.05.20"]
[SourceQuality "1"]

1. e4 c6 2. d4 d5 3. Nc3 dxe4 4. Nxe4 Bf5 5. Ng3 Bg6 6. Nf3 Nd7 7. Bd3 Ngf6 8. 0-0 e6 9. Re1 Be7 10. c3 0-0 11. Bxg6 hxg6 12. Ng5 Nd5 13. h4 Bf6 14. N3e4 Bxg5 15. Nxg5 N5f6 16. Bf4 Qa5 17. Bd6 Rfe8 18. Re3 Qd5 19. Be5 Rad8 20. Qc2 Ng4 21. Re2 Ngxe5 22. dxe5 Nxe5 23. Rae1 Nc4 24. b3 Nb6 25. Re3 Rd7 26. c4 Qd4 27. Nf3 Qc5 28. Ne5 Rdd8 29. Rg3 Qe7 30. h5 gxh5 31. Qe2 Nd7 32. Qxh5 Nxe5 33. Rxe5 f5 34. Qh6 Qf7 35. Qh4 Rd6 36. Rg5 Qf6 37. Re3 Rd1+ 38. Kh2 Rd4 39. Qh5 Qf7 40. Qh6 Rg4 41. Rxg4 fxg4 1/2-1/2

[Event "Reykjavik-ch"]
[Site "Reykjavik"]
[Date "2009.01.28"]
[Round "8"]
[White "Benediktsson, Frimann"]
[Black "Ragnarsson, Johann Hjortur"]
[Result "0-1"]
[WhiteElo "1939"]
[BlackElo "2118"]
[PlyCount "48"]
[EventDate "2009.01.11"]
[EventType "swiss"]
[EventRounds "9"]
[EventCountry "ISL"]
[SourceTitle "EXT 2010"]
[Source "ChessBase"]
[SourceDate "2010.11.25"]
[SourceVersion "1"]
[SourceVersionDate "2010.11.25"]
[SourceQuality "1"]

1. d4 d5 2. c4 e6 3. Nc3 c6 4. e4 Bb4 5. cxd5 exd5 6. e5 c5 7. a3 Ba5 8. Nf3 Bg4 9. Bb5+ Nc6 10. 0-0 cxd4 11. Qxd4 Bxf3 12. gxf3 Nge7 13. Bg5 0-0 14. Qh4 Nxe5 15. Kg2 f6 16. Be3 Qc8 17. Rac1 Qf5 18. Be2 Rfd8 19. Rfd1 N7g6 20. Qg3 d4 21. Rxd4 Rxd4 22. Bxd4 Nf4+ 23. Kf1 Bxc3 24. Rxc3 Qb1+ 0-1

[Event "Reykjavik TR-chB"]
[Site "Reykjavik"]
[Date "2008.11.07"]
[Round "6"]
[White "Benediktsson, Frimann"]
[Black "Benediktsson, Thorir"]
[Result "0-1"]
[WhiteElo "1966"]
[BlackElo "1912"]
[PlyCount "58"]
[EventDate "2008.10.26"]
[EventType "tourn"]
[EventRounds "9"]
[EventCountry "ISL"]
[SourceTitle "EXT 2010"]
[Source "ChessBase"]
[SourceDate "2010.11.25"]
[SourceVersion "1"]
[SourceVersionDate "2010.11.25"]
[SourceQuality "1"]

1. d4 d5 2. Nf3 Nf6 3. c4 c6 4. Nc3 e6 5. e3 Nbd7 6. Qc2 Bd6 7. b3 0-0 8. Bd3 dxc4 9. Bxc4 e5 10. 0-0 exd4 11. exd4 Nb6 12. h3 Nxc4 13. bxc4 Re8 14. Be3 b6 15. Rfd1 Be6 16. Qa4 Qc8 17. Ne5 Bxh3 18. gxh3 b5 19. Qc2 Qxh3 20. Bf4 Bxe5 21. dxe5 Qg4+ 22. Bg3 Rxe5 23. Re1 Rh5 24. Qe2 Qh3 25. Qf3 Rg5 26. Ne4 Nxe4 27. Rxe4 h5 28. cxb5 h4 29. Qf4 hxg3 0-1

[Event "Reykjavik TR-chB"]
[Site "Reykjavik"]
[Date "2008.11.02"]
[Round "4"]
[White "Eliasson, Kristjan Orn"]
[Black "Benediktsson, Frimann"]
[Result "1/2-1/2"]
[WhiteElo "1961"]
[BlackElo "1966"]
[PlyCount "101"]
[EventDate "2008.10.26"]
[EventType "tourn"]
[EventRounds "9"]
[EventCountry "ISL"]
[SourceTitle "EXT 2010"]
[Source "ChessBase"]
[SourceDate "2010.11.25"]
[SourceVersion "1"]
[SourceVersionDate "2010.11.25"]
[SourceQuality "1"]

1. e4 c6 2. d4 d5 3. e5 c5 4. c3 Nc6 5. Nf3 Bg4 6. Be2 e6 7. 0-0 Bxf3 8. Bxf3 cxd4 9. cxd4 Qb6 10. Be3 Qxb2 11. Nd2 Qb6 12. Rb1 Qc7 13. Qa4 Rc8 14. Rfc1 Nge7 15. g4 Ng6 16. Be2 a6 17. Rc2 Be7 18. Rbc1 0-0 19. f4 f6 20. Nf3 fxe5 21. dxe5 Qb8 22. Bd3 Rfe8 23. h4 Nf8 24. Rb2 Qa8 25. h5 Kh8 26. g5 Nb8 27. Kf2 Nbd7 28. Rbc2 Rxc2+ 29. Qxc2 Ba3 30. Rh1 Rc8 31. Qb1 Bc5 32. h6 Bxe3+ 33. Kxe3 g6 34. Nh4 Qa7+ 35. Ke2 Qb6 36. Qxb6 Nxb6 37. Rb1 Nfd7 38. a4 Rc7 39. a5 Nc8 40. Kf3 Kg8 41. Rh1 Nf8 42. Rb1 Kf7 43. Ng2 Ne7 44. Ne3 Nf5 45. Ra1 Nd4+ 46. Kf2 Nb3 47. Ra3 Nc5 48. Be2 Nfd7 49. Ng4 Ne4+ 50. Kg2 Rc3 51. Ra2 1/2-1/2

[Event "ISL-chB"]
[Site "Reykjavik"]
[Date "2008.08.28"]
[Round "2"]
[White "Benediktsson, Frimann"]
[Black "Bjarnason, Saevar"]
[Result "1/2-1/2"]
[WhiteElo "1915"]
[BlackElo "2216"]
[PlyCount "49"]
[EventDate "2008.08.27"]
[EventType "swiss"]
[EventRounds "9"]
[EventCountry "ISL"]
[SourceTitle "EXT 2010"]
[Source "ChessBase"]
[SourceDate "2010.11.25"]
[SourceVersion "1"]
[SourceVersionDate "2010.11.25"]
[SourceQuality "1"]

1. d4 g6 2. c4 Bg7 3. Nf3 d6 4. Nc3 e5 5. dxe5 dxe5 6. Qxd8+ Kxd8 7. e4 Nd7 8. Be2 c6 9. Be3 Ngf6 10. Nd2 Bf8 11. 0-0-0 Bc5 12. Bxc5 Nxc5 13. Nb3+ Ncd7 14. Nc5 Ke7 15. Nxd7 Bxd7 16. Rd2 Be6 17. Rhd1 Rhd8 18. Rxd8 Rxd8 19. Rxd8 Kxd8 20. b4 Nd7 21. a3 Kc7 22. Kd2 Nb6 23. c5 Nc4+ 24. Bxc4 Bxc4 25. Nd1 1/2-1/2

[Event "Reykjavik-ch"]
[Site "Reykjavik"]
[Date "2008.01.13"]
[Round "4"]
[White "Benediktsson, Frimann"]
[Black "Sigurdsson, Pall"]
[Result "0-1"]
[WhiteElo "1950"]
[BlackElo "1863"]
[PlyCount "54"]
[EventDate "2008.01.06"]
[EventType "swiss"]
[EventRounds "9"]
[EventCountry "ISL"]
[SourceTitle "EXT 2009"]
[Source "ChessBase"]
[SourceDate "2008.11.26"]
[SourceVersion "1"]
[SourceVersionDate "2008.11.26"]
[SourceQuality "1"]

1. d4 Nf6 2. c4 g6 3. Nc3 Bg7 4. e4 d6 5. Be2 0-0 6. Nf3 Nc6 7. 0-0 e5 8. d5 Ne7 9. Ne1 Ne8 10. Be3 f5 11. f3 f4 12. Bf2 g5 13. c5 Kh8 14. Rc1 Ng8 15. Qb3 h5 16. cxd6 cxd6 17. Nb5 a6 18. Nc7 Nxc7 19. Bb6 Rf7 20. Qc2 g4 21. Bxc7 Qh4 22. fxg4 hxg4 23. Qd3 f3 24. gxf3 g3 25. hxg3 Qxg3+ 26. Ng2 Bh3 27. Rf2 Rc8 0-1